00960nam a2200241 i 4500001000300000245019700003260006900200300002800269504002600297650003900323650003100362655003000393700003400423700003200457015001800489020001800507040000800525041000800533044000800541080003000549008004100579856009800620bg00aElementy automatyzacji we współczesnych procesach wytwarzania :bobróbka, mikroobróbka, montaż : praca zbiorowa /cpod red. Mieczysława Marciniaka ; [aut. rozdz. Jerzy Kozak et al.]. aWarszawa :bOficyna Wydawnicza Politechniki Warszawskiej,c2007. a271 s. :bil. ;c24 cm. aBibliogr. przy rozdz. 9aRoboty i manipulatory przemysłowe 9aTechnologiaxautomatyzacja aPodręczniki akademickie1 aMarciniak, Mieczysław.eRed.1 aKozak, Jerzyc(inżynier). aPB 16059/2007 a9788372076502 cBPK apol aPOL a62-52:681.5:007.5](075.8)070427s2007 pl a |000 0 pol  uhttp://koha.tu.koszalin.pl/cgi-bin/koha/opac-detail.pl?biblionumber=54416yKatalog online BPK